000 00524nam a2200181Ia 4500
008 100920s9999 xx 000 0 und d
082 _b94068
_a--- न 05
100 _aवैदय सुरेश.
245 _aकठपुतली.
260 _bविद्याथीॅ पुणे.
_c2005
300 _a296
_bसाधी
365 _b280
520 _aकादंबरी.
630 _aकठपुतली.
650 _aकादंबरी.
730 _aकठपुतली.
942 _cBOOK
999 _c734511
_d734508